|
|
|
|
| LEADER |
00000cam a22000004a 4500 |
| 001 |
musev2_52874 |
| 003 |
MdBmJHUP |
| 005 |
20230905045635.0 |
| 006 |
m o d |
| 007 |
cr||||||||nn|n |
| 008 |
160528s2016 nvu o 00 0 eng d |
| 020 |
|
|
|a 9780874174533
|
| 020 |
|
|
|z 9780874170481
|
| 035 |
|
|
|a (OCoLC)1017608663
|
| 040 |
|
|
|a MdBmJHUP
|c MdBmJHUP
|
| 100 |
1 |
|
|a Wheat, Margaret M.
|
| 245 |
1 |
0 |
|a Survival Arts Of The Primitive Paiutes
|
| 264 |
|
1 |
|a Reno :
|b University of Nevada Press,
|c 2016.
|
| 264 |
|
3 |
|a Baltimore, Md. :
|b Project MUSE,
|c 2018
|
| 264 |
|
4 |
|c ©2016.
|
| 300 |
|
|
|a 1 online resource (139 pages).
|
| 336 |
|
|
|a text
|b txt
|2 rdacontent
|
| 337 |
|
|
|a computer
|b c
|2 rdamedia
|
| 338 |
|
|
|a online resource
|b cr
|2 rdacarrier
|
| 505 |
0 |
|
|a Cover Page; Title Page; Copyright Page; Dedication; Acknowledgments; Contents; Introduction; Part I:-The Old People and the Land; The Great Basin; Trout-eaters, Cui-ui-eaters, Cattail-eaters; The Cycle of the Year; Return of Spring; Summer Harvest; Fall and Pinenut Time; Before the Snow Flies; Approach to Winter; Waiting for the Sun; Part II:-The Coming of the White Man; The Next Hundred Years; Those Wise in the Old Ways; Wuzzie George; Mattie, Wife of Stovepipe; Following Mattie's Trail; Part III:-In the Manner of the Old Ones; Harvesting Pinenuts; A Boat of Cattail and Tule.
|
| 505 |
0 |
|
|a Making a Duck DecoyCordage; Fishing and Harpoons; Arrows and Deadfalls; Rabbit pelts, Buckskin, and Bark; Articles from Soft Fibers; Willow Work; Cradleboards; Building Houses; Notes; Glossary.
|
| 588 |
|
|
|a Description based on print version record.
|
| 650 |
|
7 |
|a Indians of North America
|x Food.
|2 fast
|0 (OCoLC)fst00969750
|
| 650 |
|
0 |
|a Indians of North America
|x Food.
|
| 650 |
|
0 |
|a Paiute Indians
|x Industries.
|
| 655 |
|
7 |
|a Electronic books.
|2 local
|
| 710 |
2 |
|
|a Project Muse.
|e distributor
|
| 830 |
|
0 |
|a Book collections on Project MUSE.
|
| 856 |
4 |
0 |
|z Texto completo
|u https://projectmuse.uam.elogim.com/book/52874/
|
| 945 |
|
|
|a Project MUSE - Custom Collection
|
| 945 |
|
|
|a Project MUSE - Archive Complete Supplement VI
|
| 945 |
|
|
|a Project MUSE - Archive Archaeology and Anthropology Supplement VI
|
| 945 |
|
|
|a Project MUSE - Archive Native American and Indigenous Studies Supplement V
|